000 00520cam a2200205ua 4500
001 11407
008 190917n ii |||gr||||Z||||||eng
020 _a9789352862658
040 _cMAIN
041 _aeng
082 _a658.3
100 _aGary Dessler,
_eAuthor.
245 _aHuman resource management
_cBy Gary Dessler and Biju Varkkey
250 _a1st imp.
260 _aUttar Pradesh:
_bPearson,
_c2018.
300 _a654p.
653 _aGeneral management
700 _aBiju Varkkey,
_eAuthor.
942 _cBK
999 _c10249
_d10249